000 00250nam a2200109Ia 4500
005 20251222114357.0
008 251222s1900||||xx |||||||||||||| ||spa||
082 _aDVD0180/C28/2002
245 0 _aJamás morirás
264 _bOriginal Film
942 _cDVD
999 _c1463
_d1463